000 02779ncm0a2200469 4500
001 RU\NLR\ONIZ\309807
005 20260409004045.0
035 _a(NLR Aleph) 022774390
071 2 0 _aZ. 296
090 _a13651985
_c13651985
100 _a20260326d1889 u y0rusy50 ca
101 0 _arus
102 _aRU
_aDE
125 _aa|
128 _agyp
145 0 _ac
200 1 _aЗадремал тихий сад
_bНоты
_eцыганский романс
_ecanto [et] piano
_fБарон Б - Б.
203 _aМузыка
_bзнаковая
_bвизуальная
_cнепосредственная
210 _aС.-Петербург
_aЛейпциг
_aМосква
_cЮлий Генрих Циммерман
_dценз. 1889
215 _a3 с.
_d33 см
225 1 _aЦыганския ночи
_eсобрание любимейших цыганских песен Н. И. Шишкина и др.
_v№ 20
225 1 _aИздание Юлий Генрих Циммерманн
300 _aВ загл. на тит. л.: Задремал тихий сад : цыганский вальс / соч. барона Бебе
300 _aПросп. сер.: тит. л.
313 _aСистематизация документа проведена по изданию - Методика классифицирования музыкальных произведений (нотных изданий) по таблицам Библиотечно-библиографических классификаций : метод. рекомендации / Гос. б-ка СССР им. В.И. Ленина.- М., 1977. Индексу ББК методических рекомендаций присваивается код ББК для научных библиотек - LBC/SL
606 1 _aВокальная музыка русская
_z19 в.
_jНоты
_2nlr_sh
606 1 _aЦыганские романсы
_yРоссия
_z19 в.
_jНоты
_2nlr_sh
606 1 _aЦыганские вальсы
_yРоссия
_z19 в.
_jНоты
_2nlr_sh
606 1 _aМузыкальные произведения для голоса с фортепиано
_yРоссия
_z19 в.
_jНоты
_2nlr_sh
606 1 _aРомансы для голоса с фортепиано
_yРоссия
_z19 в.
_jНоты
_2nlr_sh
686 0 _aЩ943.4-42-043.32(28)
686 0 _aЩ943.4-42-043.55(28)
700 0 _6z01790
_aБ. Б.
_cбарон
_cпсевдоним
_f2-я пол. 19 в.
_4230
_7ca
790 0 _6z01700
_aB. B.
_cle baron
_f2-я пол. 19 в.
_4230
_7ba
801 0 _aRU
_bNLR
_c20260326
_gPSBO
801 1 _aRU
_bNLR
_c20260326
_2rusmarc
801 2 _aRU
_bNLR
_c20260326
852 _aNLR
_jМ К-4/6880
_m275800
_t1
942 _cSCORE
980 _aONIZ
980 _aNB